| 000 | 01285cad a22002895a 4500 | ||
|---|---|---|---|
| 001 | L125848 | ||
| 008 | 040416s2003 xxk l 000 0 eng u | ||
| 020 | _a1851126759 | ||
| 035 | _a(Sirsi) u125848 | ||
| 041 | _aeng | ||
| 050 |
_a711.1 _c18 |
||
| 100 | _aGrant, Malcom | ||
| 245 | 0 | 4 |
_aThe planning service _bcosts and fees _h[electronic resource] |
| 260 |
_aLondon _bODPM _c2003 |
||
| 520 | _aThe final report of ODPM commissioned research examining the scope and levels of fees for local authority planning activities and the costs of providing those services. The research fulfils the Planning Green Paper commitment to review the fee regime in the planning system. View at www.odpm.gov.uk/planning. | ||
| 650 | _aPLANNING FEES | ||
| 650 | _aLOCAL PLANNING AUTHORITIES | ||
| 650 | _aPLANNING SYSTEM | ||
| 650 | _aPLANNING REFORM | ||
| 690 | _aENVIRONMENTAL AND LAND CONSULTANCY-PLANNING AND DEVELOPMENT | ||
| 710 |
_aArup Economics and Planning _9699 |
||
| 710 |
_aAddison Associates _94628 |
||
| 710 |
_aBailey Consultancy _94629 |
||
| 710 |
_aUnited Kingdom _bOffice of the Deputy Prime Minister |
||
| 856 |
_uhttps://www.communities.gov.uk/publications/planningandbuilding/planningservice _zView the report free of charge at www.communities.gov.uk |
||
| 942 | _n0 | ||
| 999 |
_c103479 _d103479 |
||